| 000 | 00848nam a22002177a 4500 | ||
|---|---|---|---|
| 003 | OSt | ||
| 005 | 20260210095000.0 | ||
| 008 | 240916b ||||| |||| 00| 0 eng d | ||
| 040 | _c0 | ||
| 082 | _aDPer 371.206005 J826 Winter-Spring 2023 v. 48 n. 3-4 | ||
| 100 |
_aMcCauley, Carlas L. _eauthor. _964756 |
||
| 245 |
_aAllocating recovery funding : _ba survey of school districts on federal resources / _cCarlas L. McCauley. |
||
| 260 |
_aIllinois ; _bUniversity of Illinois Pres , _cSpring 2023. |
||
| 300 |
_aVolume 48, pages 440-450 : _billustration ; _c26 cm. |
||
| 500 | _aJournal of Education Finance, vol. 48, no. 4, pages 440-450, Spring 2023. | ||
| 650 | 0 |
_aEmergency programs. _968030 |
|
| 650 | 0 |
_aResource allocation. _968031 |
|
| 650 | 0 |
_aSchool districts. _968032 |
|
| 700 |
_aCarlas L. McCauley. _eauthor. _961172 |
||
| 942 |
_2ddc _cPER |
||
| 999 |
_c21688 _d21688 |
||